000 01034nam a2200253 a 4500
001 BRL_1651
005 20190320211315.0
008 210414s1974----mx-a######---#000-0#spa-#
041 _aspa
044 _amx
050 4 _aF1386
_b.S43 1974
100 1 _aSedano, Francisco
_927535
245 1 0 _aNoticias de México
_bcrónicas de los siglos xvi al xviii
_cFrancisco Sedano ; nota preliminar por el Lic. Joaquín Fernández de Córdoba ; forros por M. H. Hernández ; con ilustraciones del libro ´Biombos mexicanos´ por Teresa Castelló Iturbide y Marita Martínez del Rio de Redo.
260 _aMéxico
_bSecretaría de Obras y Servicios
_c1974
300 _a3 v.
_bil.
_c19 cm.
440 0 _aColección Metropolitana
_v33,34,35
_927536
500 _av.1 Au1890, v.2 Au1888, v.3 Au1889
651 4 _aCiudad de México
_xHistoria
_9691
651 4 _aCiudad de México
_xDescripciones y viajes
_922808
700 1 _aFernández de Córdoba, Joaquín
_910164
700 1 _aH. Hernández, M.
_927537
902 _aGRL
942 _2lcc
_cB
999 _c10460
_d10460